| 000 | 00845 a2200205 4500 | ||
|---|---|---|---|
| 001 | 28020 | ||
| 005 | 20260407155552.0 | ||
| 008 | 260407a1964 arg spa d | ||
| 003 | AR-UNSa-BCEJYS | ||
| 040 |
_aAR-UNSa-BCEJYS _bspa _cAR-UNSa-BCEJYS |
||
| 080 |
_a657 _xContabilidad |
||
| 245 | 1 | 0 | _aRevisión de contabilidades y balances |
| 250 | _a3a. ed | ||
| 264 | 1 |
_aBarcelona : _bJuventud _c1964 |
|
| 300 |
_a402 p. _c23 cm. |
||
| 505 | _aParte I: Teoría general - Parte II: Exámen y revisión - Parte III: Exámen y revisión de las cuentas de resultados - Parte IV: Estudio de balance - Parte V: Reajuste de balances en moneda - oro - Parte VI: Revalorización de balances por depreciación monetaria - Parte VII: Redacción de dictamenes. | ||
| 942 | _cBK | ||
| 590 | _aniveau_biblio:m niveau_hierar:0 | ||
| 100 | 1 | _aBoter Mauri, Fernando | |
| 999 |
_c1633 _d1633 |
||